सत्य के प्रयोग अथवा आत्मकथा (Record no. 388518)

MARC details
000 -LEADER
fixed length control field 00953nam a2200265Ia 4500
003 - CONTROL NUMBER IDENTIFIER
control field OSt
005 - DATE AND TIME OF LATEST TRANSACTION
control field 20220923230955.0
008 - FIXED-LENGTH DATA ELEMENTS--GENERAL INFORMATION
fixed length control field 220922b |||||||| |||| 00| 0 hin d
037 ## - SOURCE OF ACQUISITION
Terms of availability Textual
040 ## - CATALOGING SOURCE
Original cataloging agency ARTS
Transcribing agency ARTS
Language of cataloging hin
041 ## - LANGUAGE CODE
Source of code hin
Language code of text/sound track or separate title hin
100 ## - MAIN ENTRY--PERSONAL NAME
Personal name गांधी, मो. क., ले.
9 (RLIN) 169248
245 #0 - TITLE STATEMENT
Title सत्य के प्रयोग अथवा आत्मकथा
246 ## - VARYING FORM OF TITLE
Title proper/short title Satya ke prayog athavā ātmakathā
260 ## - PUBLICATION, DISTRIBUTION, ETC.
Place of publication, distribution, etc. अहमदाबाद
Name of publisher, distributor, etc. नवजीवन प्रकाशन मंदिर
Date of publication, distribution, etc. 2012
300 ## - PHYSICAL DESCRIPTION
Extent 454पृ.
Dimensions cm.
650 ## - SUBJECT ADDED ENTRY--TOPICAL TERM
Topical term or geographic name entry element भारत-इतिहास
9 (RLIN) 156353
650 ## - SUBJECT ADDED ENTRY--TOPICAL TERM
Topical term or geographic name entry element महात्मा गांधी
9 (RLIN) 156350
942 ## - ADDED ENTRY ELEMENTS (KOHA)
Classification part V2:25xM69x, 162J6;Q2
Koha item type Textual
Source of classification or shelving scheme Colon Classification (CC)
Holdings
Withdrawn status Lost status Damaged status Not for loan Home library Current library Date acquired Total Checkouts Full call number Barcode Date last seen Price effective from Koha item type
        Arts Library Arts Library 2022-09-23   V2:25xM69x 162J6;Q2 BL1171999 Bra 2022-09-23 2022-09-23 Textual
Copyright @ Delhi University Library System